| 000 | 00492nam a2200205Ia 4500 | ||
|---|---|---|---|
| 005 | 20240823045750.0 | ||
| 008 | 240823s9999||||xx |||||||||||||| ||und|| | ||
| 020 | _a978-81-7829-622-7 | ||
| 041 | _aENGLISH | ||
| 082 | _A658.406095 P9 | ||
| 100 | _aNilakant V | ||
| 245 | 0 | _aChange Management | |
| 250 | _a1st | ||
| 260 |
_c2009 _b"Response Books,New " |
||
| 500 | _aYES | ||
| 650 |
_aManagement _bManagement Studies |
||
| 700 | _a Rama Narayanan S | ||
| 942 | _cBK | ||
| 999 |
_c215711 _d215711 |
||